| 000 | 00387nam a2200145Ia 4500 | ||
|---|---|---|---|
| 008 | 230312s9999||||xx |||||||||||||| ||und|| | ||
| 082 |
_a658.586 _bMUH |
||
| 100 | _aMuhlemann, Alan | ||
| 245 | 0 | _aProduction and Operation Management | |
| 260 |
_bELBS Pitman _aLondon _c1992 |
||
| 300 | _a564 | ||
| 546 | _aEng. | ||
| 650 |
_aManagement _vplanning and controlling the operations |
||
| 942 | _cBK | ||
| 999 |
_c382 _d382 |
||